El Perro a Cuadros (Registro nro. 8429)

Detalles MARC
000 -CABECERA
Campo de control 00835nam a22002417a 4500
005 - FECHA Y HORA DE LA ULTIMA TRANSACCION
Campo de control 20180803165549.0
008 - ELEMENTOS DE LONGITUD FIJA—INFORMACION GENERAL
Campo de control 140516b2013 ck ||||| |||| 00| 0 spa d
020 ## - ISBN
ISBN 9789584630377
041 ## - IDIOMA
Código de idioma para texto/pista de sonido o título separado Español
044 ## - PAÍS DE PUBLICACIÓN
País de publicación Colombia
082 ## - NUMERO DE CLASIFICACION DECIMAL DEWEY
Número de clasificación 577
Número del ítem P94p
100 10 - ASIENTO PRINCIPAL--NOMBRE PERSONAL
Nombre personal Prieto, Camilo
245 13 - MENCION DE TITULO
Título El Perro a Cuadros
Mención de responsabilidad Camilo Prieto
260 ## - PUBLICACION, DISTRIBUCION, ETC. (PIE DE IMPRENTA)
Lugar de publicación, distribución, etc. Bogotá
Nombre del editor, distribuidor, etc. Instituto Latinoamericano de Liderazgo
Fecha de publicación, distribución, etc. 2013
300 ## - DESCRIPCION FISICA
Extensión 254 p.
Dimensiones 21 cm.
504 ## - NOTA DE BIBLIOGRAFIA, ETC.
Nota de bibliografía Incluye bibliografía (pag 250-254)
520 ## - NOTA DE RESUMEN, ETC.
Nota de resumen Hablar del medio ambiente es, en este tiempo, un evento muy común. En los informativos se habla del calentamiento global, del CO2 y del aire contaminado de las ciudades
650 ## - ASIENTO SECUNDARIO DE MATERIA - TERMINO TEMATICO
Término temático o nombre geográfico como elemento de entrada Sociología
650 ## - ASIENTO SECUNDARIO DE MATERIA - TERMINO TEMATICO
Término temático o nombre geográfico como elemento de entrada Ecología
650 ## - ASIENTO SECUNDARIO DE MATERIA - TERMINO TEMATICO
Término temático o nombre geográfico como elemento de entrada Ecología humana
650 16 - ASIENTO SECUNDARIO DE MATERIA - TERMINO TEMATICO
Término temático o nombre geográfico como elemento de entrada Recursos naturale
942 ## - ELEMENTOS ADICIONALES (KOHA)
Sistema de clasificación Dewey Decimal Classification
Tipo de ítem Impreso
Existencias
Withdrawn status Lost status Sistema de Clasificación Damaged status No para préstamo Colección Inventariado Ubicación Permanente Ubicación actual Fecha de adquisición Fuente de Valor Valor Total Checkouts Número topográfico Inventario / Código de Barras Date last seen Ejemplar Price effective from Forma de adquisición Tipo de material
    Dewey Decimal Classification     General Inventariado 2017 Bogotá Bogotá 16/05/2014 Instituto 39000.00   LB-577 P94p 059592 16/05/2014 Ej. 1 16/05/2014   Libro